000 01067nam a2200313Ia 4500
001 Para_9644
003 CHAP
008 220125s2010 xx 000 0 und d
010 _a208319
040 _cCHAP
090 _aPA TESIS 2265
100 _aGarcía Medrano, Felipe de Jesús
_946289
245 _aEstudio taxonómico de Netelia Gray (Hymenoptera :
_b Ichneumonidae :
_b Tryphoninae) en Huasca de Ocampo, Estado de Hidalgo /
_c Felipe de Jesús García Medrano
260 _aChapingo, Méx. :
_b el autor
300 _a68 h.
502 _aTesis (Ing. Agr. Esp. en Parasitología Agrícola) -- UACh. Departamento Parasitología Agrícola
650 _aHimenopteros
_955474
650 _aIchneumonidae
_957270
650 _aInsectos
_x clasificación
650 _aTryphoninae
_9174644
710 _aUACh. Departamento Parasitología Agrícola
_9164025
901 _aPA TESIS 2265
902 _aM
905 _a5202202010 8001003000 00
910 _a2010
942 _cPARA
942 _cPARA
_d2
999 _c208319
_d208319